The skeptical razor : (Record no. 192727)

MARC details
000 -LEADER
campo de control de longitud fija 01525nam a22003974i 4500
001 - NÚMERO DE CONTROL
campo de control 192727
003 - IDENTIFICADOR DE NÚMERO DE CONTROL
campo de control ES-MaACL
005 - FECHA Y HORA DE LA ÚLTIMA TRANSACCIÓN
campo de control 20240229134850.0
007 - CAMPO FIJO DE DESCRIPCIÓN FÍSICA--INFORMACIÓN GENERAL
campo de control de longitud fija ta
008 - DATOS DE LONGITUD FIJA--INFORMACIÓN GENERAL
campo de control de longitud fija 230516s2017 sp aaac |||| 0|0 0 eng|c
017 ## - NÚMERO DE COPYRIGHT O DE DEPÓSITO LEGAL
Número de copyright o de depósito legal M 36032-2017
Agencia que asigna Oficina Depósito Legal Madrid
020 ## - NÚMERO INTERNACIONAL ESTÁNDAR DEL LIBRO
Número Internacional Estándar del Libro 9788494810411
040 ## - FUENTE DE CATALOGACIÓN
Lengua de catalogación spa
Normas de descripción rda
Centro/agencia transcriptor ES-MaACL
080 ## - NÚMERO DE LA CLASIFICACIÓN DECIMAL UNIVERSAL
Número de la Clasificación Decimal Universal 329.12(4)
080 ## - NÚMERO DE LA CLASIFICACIÓN DECIMAL UNIVERSAL
Número de la Clasificación Decimal Universal 32(4-672 UE)"19"
245 04 - MENCIÓN DEL TÍTULO
Título The skeptical razor :
Resto del título political lies and their social consequences /
Mención de responsabilidad, etc. coordinated by Teresa Giménez Barbat in collaboration with Roger Corcho and Eduardo R. Zugasti ; Félix Ares ... [et al.]
264 #2 - PRODUCCIÓN, PUBLICACIÓN, DISTRIBUCIÓN, FABRICACIÓN Y COPYRIGHT
Producción, publicación, distribución, fabricación y copyright [Las Rozas (Madrid)] :
Nombre del de productor, editor, distribuidor, fabricante Funambulista,
Fecha de producción, publicación, distribución, fabricación o copyright [2017]
300 ## - DESCRIPCIÓN FÍSICA
Extensión 159 paginas :
Otras características físicas ilustraciones (blanco y negro) ;
Dimensiones 20 cm
336 ## - TIPO DE CONTENIDO
Término de tipo de contenido texto
Código de tipo de contenido txt
Fuente rdacontent
337 ## - TIPO DE MEDIO
Nombre/término del tipo de medio sin mediación
Código del tipo de medio n
Fuente rdamedia
338 ## - TIPO DE SOPORTE
Nombre/término del tipo de soporte volumen
Código del tipo de soporte nc
Fuente rdacarrier
490 0# - MENCIÓN DE SERIE
Mención de serie Monographics Euromind
Designación de volumen o secuencia ; 2
500 ## - NOTA GENERAL
Nota general En portada: ALDE, Alliance of Liberals and Democrats for Europe
500 ## - NOTA GENERAL
Nota general Índice
650 #7 - PUNTO DE ACCESO ADICIONAL DE MATERIA--TÉRMINO DE MATERIA
Término de materia o nombre geográfico como elemento de entrada Liberalismo-
Subdivisión geográfica Europa
9 (RLIN) 138817
651 #4 - PUNTO DE ACCESO ADICIONAL DE MATERIA--NOMBRE GEOGRÁFICO
Nombre geográfico Países de la Unión Europea-
Subdivisión general Política y gobierno
9 (RLIN) 9178
700 1# - ENTRADA AGREGADA--NOMBRE PERSONAL
Nombre de persona Giménez Barbat, María Teresa
9 (RLIN) 235434
Término indicativo de función/relación Editor literario
700 1# - ENTRADA AGREGADA--NOMBRE PERSONAL
Nombre de persona Corcho, Roger
9 (RLIN) 176663
Término indicativo de función/relación Editor literario
700 1# - ENTRADA AGREGADA--NOMBRE PERSONAL
Nombre de persona Zugasti, Eduardo R.
9 (RLIN) 176664
Término indicativo de función/relación Editor literario
700 1# - ENTRADA AGREGADA--NOMBRE PERSONAL
Nombre de persona Ares, Félix
Término indicativo de función/relación Autor
9 (RLIN) 176662
852 ## - LOCALIZACIÓN
Ubicación ES-MaACL
Sublocalización o colección R.152466
Ubicación en estantería Depósito J
Donativo/Legado Donación: Editorial
Número de control de estantería N-8350
itemnumber 200023
942 ## - ELEMENTOS DE ENTRADA SECUNDARIOS (KOHA)
Suprimir en OPAC No
Tipo de ítem Koha Libro impreso
Holdings
Estatus retirado Estado de pérdida Fuente del sistema de clasificación o colocación Estado de daño No para préstamo Biblioteca de origen Biblioteca actual Ubicación en estantería Fecha de adquisición Fuente de adquisición Total de préstamos Signatura topográfica completa Código de barras Visto por última vez Tipo de ítem Koha
    Clasificación decimal universal     Biblioteca del Ateneo de Madrid Biblioteca del Ateneo de Madrid Depósito J 18/02/2019 Donación   N-8350 101205317 16/05/2023 Libro impreso